[Event "16th EUR-ch"]
[Site "Jerusalem ISR"]
[Date "2015.02.25"]
[Round "2"]
[White "Kerner, Michael"]
[Black "Damaso, Rui"]
[Result "0-1"]
[WhiteElo "2063"]
[BlackElo "2451"]
[EventDate "2015.02.24"]
[PlyCount "66"]

1.e4 d6 2.Nc3 c6 3.g3 Nf6 4.Bg2 e5 5.Nge2 b5 6.a3 Nbd7 7.d4 Bb7 8.O-O Be7 
9.h3 O-O 10.g4 a5 11.dxe5 dxe5 12.Ng3 Nc5 13.Be3 Ne6 14.Nf5 Bc5 15.Qf3 g6 
16.Bxc5 Nxc5 17.Rad1 Qc7 18.Ne3 Qe7 19.g5 Nh5 20.h4 a4 21.Ne2 Ba6 22.Nf5 
Qa7 23.Neg3 Nf4 24.Nh6+ Kh8 25.Rfe1 f6 26.Qe3 fxg5 27.hxg5 Qe7 28.Ng4 Nce6
29.Nxe5 Nxg2 30.Kxg2 Nf4+ 31.Kg1 Qxe5 32.Qd4 Nh3+ 33.Kg2 Rxf2+ 0-1

[Event "16th EUR-ch"]
[Site "Jerusalem ISR"]
[Date "2015.02.25"]
[Round "2"]
[White "Goryachkina, Aleksandra"]
[Black "Kneler, Boris"]
[Result "1-0"]
[WhiteElo "2451"]
[BlackElo "2025"]
[EventDate "2015.02.24"]
[PlyCount "85"]

1.d4 Nf6 2.c4 e6 3.Nf3 Bb4+ 4.Nbd2 b6 5.a3 Bxd2+ 6.Qxd2 Bb7 7.e3 O-O 8.Be2
d6 9.b4 Nbd7 10.O-O Qe7 11.Bb2 e5 12.dxe5 dxe5 13.Rfd1 Rad8 14.Qc2 c5 15.
Qf5 Be4 16.Qh3 h6 17.b5 Nh7 18.Qg3 f6 19.Nh4 g5 20.f3 Qg7 21.fxe4 gxh4 22.
Qxh4 Qg5 23.Qh3 Rf7 24.Bg4 Nhf8 25.Rd5 Qg7 26.Rad1 Re7 27.Bf5 Kh8 28.Bc3 
Kg8 29.Be1 Kh8 30.Rd6 Kg8 31.Bh4 Rf7 32.R1d5 Kh8 33.Kf1 Kg8 34.a4 Kh8 35.
a5 Kg8 36.a6 Kh8 37.Ke1 Kg8 38.g3 Kh8 39.Rc6 Re8 40.Bxd7 Nxd7 41.Rxd7 Rxd7
42.Bxf6 Red8 43.Bxg7+ 1-0

[Event "16th EUR-ch"]
[Site "Jerusalem ISR"]
[Date "2015.02.25"]
[Round "2"]
[White "Zlotogorski, Itay"]
[Black "Iljiushenok, Ilia"]
[Result "0-1"]
[WhiteElo "2033"]
[BlackElo "2450"]
[EventDate "2015.02.24"]
[PlyCount "78"]

1.d4 d5 2.Nf3 c5 3.c3 Nf6 4.Bf4 g6 5.e3 Bg7 6.Be2 O-O 7.O-O Nbd7 8.Ne5 b6 
9.Nd2 Bb7 10.a4 a6 11.h3 Rc8 12.Bf3 e6 13.Qb3 Re8 14.Rfd1 h6 15.Nf1 Ba8 
16.Be2 Bb7 17.Bf3 Bf8 18.Nd2 Qe7 19.Kh1 Bg7 20.Nf1 Ra8 21.Kg1 Rec8 22.Bg3 
c4 23.Qc2 b5 24.axb5 axb5 25.Nxd7 Nxd7 26.e4 Nb6 27.Ne3 b4 28.Rxa8 Rxa8 
29.b3 Ra3 30.Rb1 dxe4 31.Be2 bxc3 32.bxc4 Bxd4 33.Qd1 Bc5 34.Be5 Bc6 35.
Rxb6 Bxb6 36.Bd6 Qa7 37.Bxa3 Qxa3 38.Ng4 Ba4 39.Qb1 c2 0-1

[Event "16th EUR-ch"]
[Site "Jerusalem ISR"]
[Date "2015.02.25"]
[Round "2"]
[White "Makhmutov, Rail"]
[Black "Tifferet, Shaked"]
[Result "1-0"]
[WhiteElo "2448"]
[BlackElo "2001"]
[EventDate "2015.02.24"]
[PlyCount "73"]

1.d4 Nf6 2.c4 g6 3.Nc3 d5 4.Bg5 Ne4 5.Bf4 Nxc3 6.bxc3 dxc4 7.Qa4+ c6 8.
Qxc4 Bg7 9.Nf3 O-O 10.e3 Nd7 11.Be2 Qa5 12.Bg3 Nb6 13.Qd3 Bf5 14.Qd2 Nd5 
15.Rc1 Nf6 16.Qb2 Qb6 17.Qa3 Rfe8 18.Be5 Rac8 19.O-O Nd7 20.Bxg7 Kxg7 21.
Nh4 Qc7 22.c4 Nf6 23.Nxf5+ gxf5 24.Rb1 a6 25.Rfc1 e6 26.c5 Ng4 27.Bxg4 
fxg4 28.Qb2 e5 29.dxe5 Qxe5 30.Qxb7 Rcd8 31.Qxc6 Rd2 32.Rf1 Re6 33.Qa4 Rg6
34.c6 h5 35.Qc4 Rdd6 36.c7 g3 37.c8=Q 1-0

[Event "16th EUR-ch"]
[Site "Jerusalem ISR"]
[Date "2015.02.25"]
[Round "2"]
[White "Cohen Revivo, Alon"]
[Black "Kantsler, Boris"]
[Result "0-1"]
[WhiteElo "2022"]
[BlackElo "2435"]
[EventDate "2015.02.24"]
[PlyCount "132"]

1.e4 c5 2.b3 Nc6 3.Bb2 e5 4.Bb5 d6 5.Ne2 Nf6 6.d3 a6 7.Bxc6+ bxc6 8.O-O 
Be7 9.Nd2 O-O 10.Ng3 Be6 11.Nc4 Nd7 12.Nf5 Bxf5 13.exf5 f6 14.Kh1 d5 15.
Nd2 a5 16.Qg4 a4 17.Rfe1 Qa5 18.Rad1 axb3 19.axb3 Qb4 20.Qxb4 cxb4 21.Ra1 
c5 22.Rxa8 Rxa8 23.Ra1 Rxa1+ 24.Bxa1 Nb6 25.Kg1 Kf7 26.Kf1 Nc8 27.Ke2 Nd6 
28.g4 Ke8 29.Bb2 Kd7 30.Bc1 Kc6 31.Nf1 e4 32.Bf4 exd3+ 33.cxd3 Nb5 34.Be3 
Bd6 35.h3 Nc3+ 36.Ke1 c4 37.dxc4 dxc4 38.Nd2 cxb3 39.Nxb3 Kd5 40.Kd2 Ne4+ 
41.Kc2 Ng5 42.Bxg5 fxg5 43.Kd3 Bc5 44.f3 h6 45.Nd2 Ke5 46.Ne4 Bd4 47.Kc4 
Bc3 48.Kd3 Kf4 49.Ke2 Bf6 50.Nc5 Kg3 51.Ke3 Kxh3 52.Nb3 Kg2 53.Ke2 Kg3 54.
Ke3 Kh4 55.Ke4 h5 56.gxh5 Kxh5 57.Kd5 Kh4 58.Ke4 Kg3 59.Ke3 Bd8 60.Ke4 Kf2
61.Nc5 Ke2 62.Nb3 Bf6 63.Nc5 Kd2 64.Nd7 Be7 65.Kd4 Kc2 66.Kc4 b3 0-1

[Event "16th EUR-ch"]
[Site "Jerusalem ISR"]
[Date "2015.02.25"]
[Round "2"]
[White "Parkhov, Yair"]
[Black "Draskovic, Luka"]
[Result "0-1"]
[WhiteElo "1997"]
[BlackElo "2432"]
[EventDate "2015.02.24"]
[PlyCount "188"]

1.d4 Nf6 2.c4 e6 3.Nf3 Bb4+ 4.Nbd2 d6 5.a3 Bxd2+ 6.Qxd2 Qe7 7.g3 O-O 8.Bg2
e5 9.d5 a5 10.b3 Nbd7 11.O-O Nc5 12.Qc2 a4 13.b4 Nb3 14.Rb1 Bg4 15.Bb2 Nd7
16.h3 Bh5 17.Nh4 Qg5 18.Rfe1 f5 19.Nf3 Qe7 20.Nd2 f4 21.e4 fxg3 22.fxg3 
Nd4 23.Qd3 Qg5 24.g4 Bg6 25.Bxd4 exd4 26.Nf3 Qf4 27.Nxd4 Qf2+ 28.Kh1 Ne5 
29.Qc3 Qh4 30.Kg1 Qf2+ 31.Kh1 Qh4 32.Kg1 Rf4 33.Rf1 Raf8 34.Nf5 Rxf1+ 35.
Rxf1 Bxf5 36.exf5 h5 37.gxh5 Qxh5 38.c5 Rxf5 39.Rxf5 Qxf5 40.cxd6 cxd6 41.
Qc7 Qd7 42.Qxd7 Nxd7 43.Kf2 Nb6 44.Be4 Nc4 45.Bd3 Nb6 46.Kf3 Kf7 47.Ke4 
Kg6 48.Kd4+ Kg5 49.Be2 Kf4 50.h4 Kg3 51.h5 Kf4 52.Bd1 Kg5 53.Bf3 g6 54.
hxg6 Kxg6 55.Be4+ Kg5 56.Bd3 Kf4 57.Be2 Kg3 58.Bd3 Kf3 59.Be4+ Ke2 60.Kc3 
Ke1 61.Bf3 Kf2 62.Be4 Ke2 63.Bh1 Kd1 64.Bf3+ Kc1 65.Be4 Na8 66.Bc2 Nb6 67.
Be4 Kd1 68.Bf3+ Ke1 69.Bg2 Kf2 70.Be4 Ke2 71.Bh1 Na8 72.Be4 Ke3 73.Bg2 Nc7
74.Kc4 b6 75.Bh1 b5+ 76.Kc3 Na8 77.Bg2 Nb6 78.Bh1 Nc4 79.Bg2 Nd2 80.Bh3 
Ne4+ 81.Kc2 Kd4 82.Bd7 Nc3 83.Bh3 Nxd5 84.Kb2 Nb6 85.Bg2 Nc4+ 86.Ka2 d5 
87.Bh3 Kc3 88.Bd7 Nd6 89.Bg4 d4 90.Bf3 d3 91.Bg4 Kc2 92.Bf3 d2 93.Bg4 d1=Q
94.Bf5+ Kc3 0-1

[Event "16th EUR-ch"]
[Site "Jerusalem ISR"]
[Date "2015.02.25"]
[Round "2"]
[White "Murey, Jacob"]
[Black "Toporkova, Sofia"]
[Result "1-0"]
[WhiteElo "2428"]
[BlackElo "1962"]
[EventDate "2015.02.24"]
[PlyCount "41"]

1.b3 e5 2.Bb2 Nc6 3.e3 Nf6 4.Bb5 Bd6 5.Nf3 Qe7 6.d4 exd4 7.Nxd4 Nxd4 8.
Qxd4 O-O 9.Nd2 Re8 10.Nf3 Bb4+ 11.Kf1 h6 12.Rd1 c6 13.Bd3 d5 14.h3 Qf8 15.
Qh4 Be7 16.Nd4 Ne4 17.Qh5 Bf6 18.Bxe4 Rxe4 19.Qf3 c5 20.Ba3 b6 21.Ne2 1-0

[Event "16th EUR-ch"]
[Site "Jerusalem ISR"]
[Date "2015.02.25"]
[Round "2"]
[White "Kantarji, Pinchas"]
[Black "Travinsky, Mark"]
[Result "1-0"]
[WhiteElo "2420"]
[BlackElo "1958"]
[EventDate "2015.02.24"]
[PlyCount "73"]

1.Nf3 Nf6 2.c4 g6 3.g3 Bg7 4.Bg2 O-O 5.O-O c6 6.d4 d5 7.Nbd2 Bf5 8.b3 Ne4 
9.Bb2 f6 10.Nh4 Nxd2 11.Qxd2 Be6 12.Qc2 f5 13.Nf3 Kh8 14.Rac1 Nd7 15.e3 
Bg8 16.Rfd1 e6 17.Bf1 Nb8 18.b4 Nd7 19.b5 cxb5 20.cxd5 exd5 21.Bxb5 a6 22.
Be2 Rc8 23.Qb3 Qb6 24.Ba3 Qxb3 25.axb3 Rfe8 26.Kf1 Bf8 27.Bxf8 Rxf8 28.Ne1
Nb6 29.Nd3 Rxc1 30.Rxc1 Rc8 31.Rc5 Be6 32.Bf3 Kg7 33.Nf4 Kf6 34.Nxe6 Kxe6 
35.Bxd5+ Kd6 36.Rxc8 Nxc8 37.Bxb7 1-0

[Event "16th EUR-ch"]
[Site "Jerusalem ISR"]
[Date "2015.02.25"]
[Round "2"]
[White "Kobo, Ori"]
[Black "Bronstein, Or"]
[Result "1-0"]
[WhiteElo "2410"]
[BlackElo "1944"]
[EventDate "2015.02.24"]
[PlyCount "113"]

1.d4 Nf6 2.c4 g6 3.Nc3 Bg7 4.Nf3 O-O 5.g3 c5 6.d5 d6 7.Bg2 e6 8.O-O exd5 
9.cxd5 Re8 10.Re1 a6 11.a4 Ne4 12.Nxe4 Rxe4 13.Qc2 Re8 14.Bd2 Nd7 15.Bc3 
Rb8 16.Bxg7 Kxg7 17.e4 b5 18.axb5 axb5 19.b4 f6 20.Ra7 Qb6 21.Rea1 Rb7 22.
R7a6 Qc7 23.Rc6 Qb8 24.Raa6 Rc7 25.Ra5 Rb7 26.Raa6 Rc7 27.Rxc7 Qxc7 28.Ra5
Qb6 29.Bf1 c4 30.Ra8 Qb7 31.Ra5 Qb6 32.Ra8 Qb7 33.Ra3 Qb6 34.Kg2 Ne5 35.
Qc3 Ng4 36.Qd4 Qd8 37.Nd2 Ne5 38.Nb1 Bd7 39.f4 Ng4 40.Nc3 h5 41.Ra5 Qc8 
42.Ra7 Kh6 43.h3 Ne5 44.fxe5 Bxh3+ 45.Kg1 Rxe5 46.Be2 Qe8 47.Kh2 Bd7 48.
Ra6 Qe7 49.Qe3+ Kg7 50.Qb6 Rxe4 51.Nxe4 Qxe4 52.Qf2 Qxd5 53.Ra7 Qe6 54.Bf1
d5 55.Bg2 Kf7 56.Qc5 Kg7 57.Qxb5 1-0

[Event "16th EUR-ch"]
[Site "Jerusalem ISR"]
[Date "2015.02.25"]
[Round "2"]
[White "Chazan, Yonatan"]
[Black "Ben Artzi, Ido"]
[Result "0-1"]
[WhiteElo "1961"]
[BlackElo "2408"]
[EventDate "2015.02.24"]
[PlyCount "112"]

1.e4 d6 2.d4 Nf6 3.Nc3 g6 4.Nf3 Bg7 5.Be2 O-O 6.O-O Bg4 7.Be3 Nc6 8.d5 
Bxf3 9.Bxf3 Ne5 10.Be2 c6 11.f4 Ned7 12.Kh1 Qc7 13.dxc6 bxc6 14.Rb1 Rab8 
15.Qd2 Rfd8 16.Bf3 Ne8 17.Qe1 Nb6 18.b3 Rbc8 19.Rd1 d5 20.exd5 Nxd5 21.
Bxd5 cxd5 22.Nxd5 Qb7 23.c4 e6 24.Nc3 Nd6 25.Bd4 Bxd4 26.Rxd4 Nf5 27.Qe4 
Qb4 28.Rxd8+ Rxd8 29.Qf3 Rd2 30.Qh3 h5 31.Ne4 Rxa2 32.Rd1 Re2 33.Qc3 Qxc3 
34.Nxc3 Re3 35.Rc1 Nd4 36.h3 Nxb3 37.Rc2 a5 38.Nb5 Nc5 39.Kg1 Re4 40.g3 h4
41.Kf2 f5 42.Kf3 hxg3 43.Kxg3 Kg7 44.Kf3 Kf6 45.Rc1 Nd3 46.Rc3 Nxf4 47.Nd6
Rd4 48.Nb5 Rd3+ 49.Rxd3 Nxd3 50.Ke3 Ne5 51.Kd4 a4 52.Kc3 f4 53.Kb4 f3 54.
Nd6 Nd3+ 55.Kxa4 Ke5 56.Nf7+ Kf4 0-1

[Event "16th EUR-ch"]
[Site "Jerusalem ISR"]
[Date "2015.02.25"]
[Round "2"]
[White "Belokopyt, Boris"]
[Black "Reshef, Omer"]
[Result "0-1"]
[WhiteElo "1956"]
[BlackElo "2402"]
[EventDate "2015.02.24"]
[PlyCount "66"]

1.e4 c5 2.Nf3 d6 3.d4 cxd4 4.Nxd4 Nf6 5.Nc3 g6 6.g3 Bg7 7.Bg2 O-O 8.O-O 
Bd7 9.Nd5 Nc6 10.Nxc6 bxc6 11.Nxf6+ Bxf6 12.c3 Rb8 13.Qc2 Rb5 14.Be3 c5 
15.b3 Qa5 16.c4 Bxa1 17.cxb5 Bd4 18.Bxd4 cxd4 19.a4 Rc8 20.Qb1 Qb4 21.Re1 
e5 22.Bf1 Be6 23.Rc1 Rc3 24.Rxc3 dxc3 25.Bd3 d5 26.exd5 Bxd5 27.Bc2 Qg4 
28.Kf1 Bf3 29.Ke1 Qg5 30.Bd3 Qd2+ 31.Kf1 e4 32.Bc2 e3 33.fxe3 Qe2+ 0-1

[Event "16th EUR-ch"]
[Site "Jerusalem ISR"]
[Date "2015.02.25"]
[Round "2"]
[White "Vardi, Shlomit"]
[Black "Kalka, Arkadius Georg"]
[Result "0-1"]
[WhiteElo "1945"]
[BlackElo "2389"]
[EventDate "2015.02.24"]
[PlyCount "128"]

1.e4 c6 2.d3 d5 3.Nd2 g6 4.Ngf3 Bg7 5.g3 e5 6.Bg2 Ne7 7.O-O O-O 8.Re1 d4 
9.a4 c5 10.Nc4 Nbc6 11.Bd2 h6 12.a5 Be6 13.Qb1 Qd7 14.b4 cxb4 15.Bxb4 Bxc4
16.dxc4 Nxb4 17.Qxb4 Rfc8 18.Reb1 Rc7 19.Ne1 Rac8 20.h3 h5 21.Ra2 Nc6 22.
Qb5 a6 23.Qb3 Nd8 24.Bf1 Qe7 25.Ra4 f5 26.Qf3 Qf7 27.Bd3 f4 28.gxf4 exf4 
29.e5 Bxe5 30.Be4 Kh8 31.Nd3 Bd6 32.Bd5 Qf6 33.Re1 Re7 34.Raa1 Ne6 35.h4 
Rf8 36.Rab1 Ng7 37.Rxe7 Qxe7 38.c5 Bb8 39.Rxb7 Qxh4 40.Rb6 Bc7 41.Rxg6 Rf6
42.Rg2 Rh6 43.Qe4 Qf6 44.Ne1 h4 45.Nf3 h3 46.Rh2 Rh5 47.Bc4 Qd8 48.Kf1 Nf5
49.Be6 Qf6 50.Bxf5 Qxf5 51.Qxf5 Rxf5 52.Rxh3+ Kg8 53.Nxd4 Rxc5 54.Rh6 Rxa5
55.Rc6 Be5 56.Nf3 Bg7 57.Ke2 Ra2 58.Kd3 a5 59.Nd2 a4 60.Nc4 Kf7 61.Ra6 Bf8
62.Nb6 a3 63.Nc4 Ra1 64.Nxa3 Rxa3+ 0-1

[Event "16th EUR-ch"]
[Site "Jerusalem ISR"]
[Date "2015.02.25"]
[Round "2"]
[White "Saadon, Netanel"]
[Black "Veinberg, Nimrod"]
[Result "0-1"]
[WhiteElo "1939"]
[BlackElo "2350"]
[EventDate "2015.02.24"]
[PlyCount "82"]

1.d4 Nf6 2.c4 e6 3.Nc3 Bb4 4.Qc2 d5 5.cxd5 exd5 6.Bg5 h6 7.Bxf6 Qxf6 8.a3 
Bxc3+ 9.Qxc3 O-O 10.e3 Bf5 11.Nf3 Rc8 12.Rc1 Nd7 13.b4 a5 14.Bd3 axb4 15.
axb4 Bxd3 16.Qxd3 Ra2 17.O-O Qd6 18.Qf5 Rca8 19.Ne5 Nxe5 20.Qxe5 Qxe5 21.
dxe5 c6 22.b5 cxb5 23.Rc5 b4 24.Rxd5 b3 25.Rdd1 Rc2 26.Rb1 b2 27.g3 Ra5 
28.e6 fxe6 29.Rfd1 Rf5 30.Rf1 e5 31.Kg2 e4 32.Kg1 Kf7 33.Rbd1 Ke6 34.Kg2 
Rfc5 35.Rb1 R5c3 36.Kg1 Rd3 37.Rbe1 h5 38.Kg2 Rdc3 39.Rb1 Rxe3 40.Kg1 Ree2
41.Rbd1 e3 0-1

[Event "16th EUR-ch"]
[Site "Jerusalem ISR"]
[Date "2015.02.25"]
[Round "2"]
[White "Lukovski, Lev"]
[Black "Kudischewitsch, David"]
[Result "0-1"]
[WhiteElo "1932"]
[BlackElo "2334"]
[EventDate "2015.02.24"]
[PlyCount "138"]

1.e4 d5 2.exd5 Qxd5 3.Nc3 Qd6 4.Nf3 Nf6 5.Be2 a6 6.O-O b5 7.a3 Bb7 8.h3 e6
9.d3 Nbd7 10.Ng5 Be7 11.Nge4 Qb6 12.Be3 c5 13.b4 Qc7 14.bxc5 Nxc5 15.Bf3 
Ncd7 16.Nxf6+ Bxf6 17.Bxb7 Qxb7 18.Ne4 Be7 19.Qf3 Qb8 20.Rfb1 O-O 21.c4 f5
22.Nd2 Qd6 23.cxb5 axb5 24.Rxb5 Qxd3 25.Qc6 Kf7 26.Qc4 Rxa3 27.Rxa3 Qxa3 
28.Rxf5+ Bf6 29.Nf3 h6 30.Nd4 Re8 31.Rb5 Qd6 32.Nf5 Qa6 33.Qb3 Kg8 34.Rb7 
Nf8 35.Bxh6 Qa1+ 36.Kh2 Qe5+ 37.Qg3 Qxg3+ 38.Nxg3 gxh6 39.Ne4 Bg7 40.g3 
Nh7 41.Kg2 Nf6 42.Nc5 Bf8 43.Nd7 Nxd7 44.Rxd7 Re7 45.Rd4 Bg7 46.Re4 Kf7 
47.f4 Ra7 48.Re2 Ra3 49.Rc2 Bc3 50.Re2 h5 51.Kh2 Rb3 52.Kh1 Rb1+ 53.Kg2 
Rb2 54.Rxb2 Bxb2 55.Kf3 Bc3 56.Ke4 Kf6 57.Kf3 Be1 58.g4 Bc3 59.Ke4 h4 60.
Kd3 Ba5 61.Ke4 Bc7 62.Kf3 Ke7 63.Ke4 Kd6 64.Kf3 Kd5 65.Ke3 Bb6+ 66.Kf3 Bc5
67.g5 Bd4 68.Kg4 Ke4 69.g6 Bf6 0-1

[Event "16th EUR-ch"]
[Site "Jerusalem ISR"]
[Date "2015.02.25"]
[Round "2"]
[White "Mordechai, Hanan"]
[Black "Iliaguev, Nisim"]
[Result "1-0"]
[WhiteElo "2331"]
[BlackElo "1926"]
[EventDate "2015.02.24"]
[PlyCount "117"]

1.Nf3 Nf6 2.g3 g6 3.Bg2 Bg7 4.O-O O-O 5.d3 d5 6.Nbd2 b6 7.c3 Bb7 8.Qc2 c5 
9.e4 Nc6 10.Re1 Rc8 11.Nf1 d4 12.e5 Nd5 13.c4 Nc7 14.h4 Ne6 15.N1h2 Qc7 
16.Qe2 Ba8 17.h5 gxh5 18.Bf4 Ncd8 19.Nh4 Nxf4 20.gxf4 Ne6 21.Bxa8 Rxa8 22.
Ng2 Qc6 23.f5 Qxg2+ 24.Kxg2 Nf4+ 25.Kf3 Nxe2 26.Rxe2 h6 27.Ke4 Rab8 28.f4 
b5 29.b3 bxc4 30.bxc4 Kh7 31.Nf3 a5 32.Rh1 a4 33.Rg2 a3 34.Rhg1 Rg8 35.Nh4
Rb2 36.Rxb2 axb2 37.Rb1 Rb8 38.Kd5 Bf8 39.Kxc5 e6+ 40.Kxd4 exf5 41.Kc3 Ba3
42.d4 Rg8 43.Nxf5 h4 44.Nxh4 Rg3+ 45.Kc2 Rh3 46.Ng2 Rh2 47.Kb3 Rh3+ 48.Kc2
Rh2 49.Rg1 h5 50.c5 h4 51.Kb1 h3 52.Ne1 Rd2 53.Nc2 h2 54.Rh1 Kg6 55.Nxa3 
Rg2 56.Rxh2 Rxh2 57.c6 Kf5 58.c7 Rh8 59.Nb5 1-0

[Event "16th EUR-ch"]
[Site "Jerusalem ISR"]
[Date "2015.02.25"]
[Round "2"]
[White "Manakova, Maria"]
[Black "Landa, Alex"]
[Result "1-0"]
[WhiteElo "2318"]
[BlackElo "1905"]
[EventDate "2015.02.24"]
[PlyCount "38"]

1.e4 c5 2.Nf3 d6 3.d4 cxd4 4.Nxd4 Nf6 5.Nc3 Nc6 6.Bg5 e6 7.Qd3 a6 8.O-O-O 
Be7 9.Bxf6 gxf6 10.f4 Qb6 11.Nf3 Bd7 12.Nd2 Qf2 13.g3 O-O-O 14.Be2 Kb8 15.
Nc4 Bc8 16.Ne3 d5 17.exd5 Nb4 18.Qd2 exd5 19.Ng4 Qg2 1-0

[Event "16th EUR-ch"]
[Site "Jerusalem ISR"]
[Date "2015.02.25"]
[Round "2"]
[White "Adar, Idan"]
[Black "Aharon, Ofir"]
[Result "0-1"]
[WhiteElo "1912"]
[BlackElo "2311"]
[EventDate "2015.02.24"]
[PlyCount "72"]

1.d4 Nf6 2.c4 g6 3.Nc3 d5 4.cxd5 Nxd5 5.e4 Nxc3 6.bxc3 Bg7 7.Bc4 O-O 8.Ne2
Nc6 9.O-O e5 10.d5 Na5 11.Bd3 c5 12.c4 b6 13.Bb2 f5 14.Qc2 f4 15.f3 Bd7 
16.Bc3 Nb7 17.Nc1 h5 18.Be2 g5 19.Nd3 Qe7 20.Nf2 Bf6 21.a4 Qg7 22.h3 Nd6 
23.a5 b5 24.cxb5 Bxb5 25.a6 Rab8 26.Rfb1 g4 27.fxg4 Bh4 28.Bf3 Nc4 29.Bd2 
Ne3 30.Bxe3 fxe3 31.Nd1 hxg4 32.hxg4 Qh6 33.Rxb5 Rxb5 34.Qe2 Rb3 35.Rc1 
Bg3 36.Qc4 Qh2+ 0-1

[Event "16th EUR-ch"]
[Site "Jerusalem ISR"]
[Date "2015.02.25"]
[Round "2"]
[White "Vasiliev, Olga"]
[Black "Sassoon, Roei"]
[Result "1-0"]
[WhiteElo "2296"]
[BlackElo "1896"]
[EventDate "2015.02.24"]
[PlyCount "97"]

1.e4 c5 2.Nf3 Nc6 3.d4 cxd4 4.Nxd4 e5 5.Nb5 d6 6.N1c3 a6 7.Na3 b5 8.Nd5 
Nge7 9.c4 Nxd5 10.cxd5 Ne7 11.Bd3 f5 12.exf5 Nxf5 13.Nc2 Be7 14.O-O O-O 
15.Qe2 Bg5 16.f4 Bf6 17.a4 b4 18.Qe4 b3 19.g4 g6 20.Ne3 Nxe3 21.Bxe3 exf4 
22.Rxf4 Re8 23.Qf3 Bg5 24.Re4 Rxe4 25.Qxe4 Bxe3+ 26.Qxe3 Bxg4 27.Rf1 Bd7 
28.Qf4 Qe7 29.Kg2 Rf8 30.Qxf8+ Qxf8 31.Rxf8+ Kxf8 32.a5 Bf5 33.Bc4 Kf7 34.
Kf3 Kf6 35.Bxa6 Ke5 36.Bb7 Bd3 37.Ke3 Bb5 38.a6 Bxa6 39.Bxa6 Kxd5 40.Kd3 
g5 41.Bc4+ Ke5 42.Bxb3 h5 43.Bf7 h4 44.b4 g4 45.Kc4 Kf6 46.Bd5 Ke7 47.Kb5 
Kd7 48.Kb6 Kc8 49.Ka7 1-0

[Event "16th EUR-ch"]
[Site "Jerusalem ISR"]
[Date "2015.02.25"]
[Round "2"]
[White "Shohat, Yotam"]
[Black "Shevelev, Arkady"]
[Result "0-1"]
[WhiteElo "1903"]
[BlackElo "2285"]
[EventDate "2015.02.24"]
[PlyCount "98"]

1.e4 c6 2.d4 d5 3.Nc3 g6 4.Nf3 Bg7 5.h3 Nf6 6.e5 Ne4 7.Nxe4 dxe4 8.Ng5 c5 
9.e6 Bxe6 10.Nxe6 fxe6 11.dxc5 Qxd1+ 12.Kxd1 O-O 13.Be3 Bxb2 14.Rb1 Rd8+ 
15.Ke2 Bf6 16.Rxb7 Nc6 17.g4 Nd4+ 18.Bxd4 Rxd4 19.c6 Rc8 20.c7 Rc4 21.Rxa7
Bd4 22.Rb7 Rxc2+ 23.Kd1 R8xc7 24.Rxc7 Rxc7 25.Bg2 Ra7 26.Bxe4 Rxa2 27.Rf1 
Bxf2 28.Bb1 Rb2 29.Kc1 Bd4 30.Rf4 e5 31.Rf3 Kg7 32.Bd3 Rb4 33.Kd2 Bc5 34.
Rf1 e4 35.Bc2 e3+ 36.Ke2 Rb2 37.Kd3 Bb4 38.Bd1 Rh2 39.Kxe3 Rxh3+ 40.Ke4 
Kh6 41.Kf4 Bd6+ 42.Ke4 Kg5 43.Rf7 Rh1 44.Bf3 Re1+ 45.Kd5 Rf1 46.Ke4 h6 47.
Rf8 Re1+ 48.Kd3 Bf4 49.Be4 e5 0-1

[Event "16th EUR-ch"]
[Site "Jerusalem ISR"]
[Date "2015.02.25"]
[Round "2"]
[White "Altshul, Limor"]
[Black "Bakalchuk, Johnatan"]
[Result "0-1"]
[WhiteElo "1887"]
[BlackElo "2272"]
[EventDate "2015.02.24"]
[PlyCount "48"]

1.d4 Nf6 2.c4 g6 3.Nc3 Bg7 4.e4 O-O 5.Bd3 d6 6.Nge2 e5 7.d5 Nh5 8.O-O f5 
9.exf5 gxf5 10.f4 Qe7 11.Kh1 Nd7 12.Rb1 Ndf6 13.fxe5 Ng4 14.Qe1 dxe5 15.h3
Nh6 16.Ng3 Nxg3+ 17.Qxg3 f4 18.Qf3 Qh4 19.Ne4 Bg4 20.Qf2 Qh5 21.Kg1 Kh8 
22.Bd2 Rg8 23.Kh2 Bxh3 24.Qe1 Bxg2+ 0-1

[Event "16th EUR-ch"]
[Site "Jerusalem ISR"]
[Date "2015.02.25"]
[Round "2"]
[White "Freiman, Mark"]
[Black "Zisman, Philip"]
[Result "0-1"]
[WhiteElo "1873"]
[BlackElo "2238"]
[EventDate "2015.02.24"]
[PlyCount "84"]

1.e4 c5 2.Nf3 d6 3.d4 cxd4 4.Nxd4 a6 5.Nc3 Nf6 6.Be3 b5 7.f3 Bb7 8.Qd2 e6 
9.O-O-O Be7 10.Kb1 Nbd7 11.g4 Nc5 12.g5 Nfd7 13.h4 Ne5 14.Bh3 b4 15.Nce2 
Nc4 16.Qc1 Qa5 17.Nb3 Nxb3 18.axb3 Nxe3 19.Qxe3 Qc5 20.Qxc5 dxc5 21.Bg4 
Bc6 22.Nf4 O-O 23.Rhg1 a5 24.Bh3 a4 25.bxa4 Rxa4 26.b3 Ra3 27.Kb2 c4 28.
bxc4 Rxf3 29.Rdf1 Rc3 30.Re1 Bc5 31.Rh1 Bd4 32.Ne2 Rxc4+ 33.Nxd4 Rxd4 34.
Bg2 Rd2 35.Rhg1 Ba4 36.Bf3 Rxc2+ 37.Kb1 Rf2 38.Bd1 Bb5 39.Re3 Rd8 40.Bc2 
g6 41.Rc1 Rdd2 42.Rb3 Ba4 0-1

[Event "16th EUR-ch"]
[Site "Jerusalem ISR"]
[Date "2015.02.25"]
[Round "2"]
[White "Belytsky, Alexandr"]
[Black "Lahav, Michal"]
[Result "1-0"]
[WhiteElo "2227"]
[BlackElo "1886"]
[EventDate "2015.02.24"]
[PlyCount "97"]

1.Nf3 Nf6 2.g3 c5 3.Bg2 g6 4.O-O Bg7 5.d3 O-O 6.e4 d6 7.Nbd2 Nc6 8.c3 Nd7 
9.Nh4 Rb8 10.f4 b5 11.e5 Qc7 12.exd6 exd6 13.Ne4 f5 14.Ng5 Nb6 15.Qb3+ Kh8
16.Qxb5 Nd8 17.Qb3 c4 18.Qc2 cxd3 19.Qxd3 Nc4 20.b3 Na5 21.Bd2 Nab7 22.
Rae1 Nf7 23.Nxf7+ Qxf7 24.c4 Qf6 25.Be3 Nc5 26.Qd2 Bb7 27.Rd1 Bxg2 28.Kxg2
Ne4 29.Qc2 Qe7 30.Bd4 Bxd4 31.Rxd4 Qb7 32.Nf3 a5 33.Qb2 Kg8 34.Qa3 a4 35.
Rd3 axb3 36.axb3 Ra8 37.Qb2 Ra6 38.Kg1 Rfa8 39.Qd4 Ra3 40.Ng5 Nxg5 41.fxg5
R8a6 42.c5 Ra2 43.Rdf3 dxc5 44.Qd8+ Kg7 45.Re1 Ra1 46.Re3 Rxe1+ 47.Rxe1 
Kf7 48.Qe8+ Kg7 49.Re7+ 1-0

[Event "16th EUR-ch"]
[Site "Jerusalem ISR"]
[Date "2015.02.25"]
[Round "2"]
[White "Levin, Natan"]
[Black "Gershkowich, David"]
[Result "1-0"]
[WhiteElo "1869"]
[BlackElo "2227"]
[EventDate "2015.02.24"]
[PlyCount "97"]

1.d4 Nf6 2.Nf3 g6 3.c3 Bg7 4.Bg5 d6 5.Nbd2 h6 6.Bh4 g5 7.Bg3 Nh5 8.e3 Nd7 
9.Ng1 Nxg3 10.hxg3 Nf6 11.Bd3 e5 12.Qc2 Bd7 13.a4 Qe7 14.Bb5 c6 15.Bd3 Nd5
16.dxe5 dxe5 17.Bf5 O-O 18.g4 Rfd8 19.Ne2 Nf6 20.Ng3 Nxg4 21.e4 Be6 22.
Ndf1 Rd6 23.Bxg4 Bxg4 24.Ne3 Qd7 25.Ngf5 Bxf5 26.Nxf5 Rf6 27.Rd1 Qc7 28.g4
Bf8 29.Rd3 Rd8 30.Rhh3 Re8 31.Qd1 Qb6 32.Qc2 Rd8 33.Rxd8 Qxd8 34.Rd3 Qa5 
35.Kf1 Kh7 36.Rd7 Kg8 37.Kg2 Re6 38.Qb3 Qa6 39.Qd1 Qc4 40.Qf3 Rf6 41.Rxb7 
a5 42.b3 Qe6 43.Qd3 Qc8 44.Rd7 Re6 45.Rd8 Qc7 46.Ra8 c5 47.Qd5 Rb6 48.Rd8 
Re6 49.Qa8 1-0

[Event "16th EUR-ch"]
[Site "Jerusalem ISR"]
[Date "2015.02.25"]
[Round "2"]
[White "Schnabel, Ralf"]
[Black "Cohen, Itay"]
[Result "1-0"]
[WhiteElo "2223"]
[BlackElo "1871"]
[EventDate "2015.02.24"]
[PlyCount "61"]

1.e4 e6 2.d4 d5 3.Nd2 Be7 4.Bd3 Nf6 5.e5 Nfd7 6.Ne2 c5 7.c3 Nc6 8.O-O Qb6 
9.Nf3 cxd4 10.cxd4 O-O 11.b3 a5 12.a3 h6 13.Bb2 Ndb8 14.Bc2 Nd7 15.Qd3 f5 
16.exf6 Nxf6 17.Rae1 Qa6 18.Qg6 Bd6 19.Ne5 Ne7 20.Qg3 b6 21.Bc1 Ra7 22.Bd3
Nf5 23.Qh3 Qb7 24.g4 Ne7 25.Ng3 Qc7 26.g5 hxg5 27.Bxg5 Qc3 28.Bxf6 Rxf6 
29.Qh7+ Kf8 30.Qh8+ Ng8 31.Rc1 1-0

[Event "16th EUR-ch"]
[Site "Jerusalem ISR"]
[Date "2015.02.25"]
[Round "2"]
[White "Vardi, Moshe"]
[Black "Zalkind, Konstantin"]
[Result "0-1"]
[WhiteElo "1850"]
[BlackElo "2222"]
[EventDate "2015.02.24"]
[PlyCount "86"]

1.e4 c6 2.Nf3 d5 3.exd5 cxd5 4.Bb5+ Bd7 5.Bxd7+ Nxd7 6.O-O Ngf6 7.d3 e6 8.
b3 Rc8 9.Bb2 Bd6 10.h3 O-O 11.Nbd2 e5 12.Re1 Re8 13.c4 d4 14.Ne4 Nxe4 15.
dxe4 Qf6 16.Rc1 Nf8 17.Rc2 Ne6 18.Bc1 Bb4 19.Rf1 Rcd8 20.a3 Bc3 21.Kh1 h6 
22.Ne1 Nc5 23.f3 Bxe1 24.Rxe1 Nxb3 25.Rf2 Nc5 26.f4 Qh4 27.Rf3 d3 28.Ree3 
exf4 29.Re1 Nxe4 30.Kh2 Nf2 31.Rxe8+ Rxe8 32.Qd2 Ng4+ 33.Kg1 Re1+ 34.Rf1 
Rxf1+ 35.Kxf1 Ne3+ 36.Kg1 Qg3 37.Qf2 Nxc4 38.Bxf4 Qxf2+ 39.Kxf2 b5 40.Ke1 
a5 41.Kd1 b4 42.axb4 axb4 43.Bd2 b3 0-1

[Event "16th EUR-ch"]
[Site "Jerusalem ISR"]
[Date "2015.02.25"]
[Round "2"]
[White "Gorodetzky, David"]
[Black "Globus, Or"]
[Result "1-0"]
[WhiteElo "2210"]
[BlackElo "1862"]
[EventDate "2015.02.24"]
[PlyCount "35"]

1.e4 c5 2.c3 d5 3.exd5 Qxd5 4.d4 Bf5 5.Nf3 Nc6 6.Na3 cxd4 7.cxd4 e6 8.Nb5 
O-O-O 9.Be2 Nf6 10.O-O h6 11.Bf4 Qe4 12.Bg3 Bb4 13.Rc1 Kd7 14.Ne5+ Nxe5 
15.dxe5+ Nd5 16.Rc4 Qxc4 17.Bxc4 Ke7 18.Nd6 1-0

[Event "16th EUR-ch"]
[Site "Jerusalem ISR"]
[Date "2015.02.25"]
[Round "2"]
[White "Rave, Avraham"]
[Black "Marusenko, Petr"]
[Result "0-1"]
[WhiteElo "1824"]
[BlackElo "2205"]
[EventDate "2015.02.24"]
[PlyCount "68"]

1.d4 f5 2.Nc3 Nf6 3.b3 b6 4.Bb2 Bb7 5.e3 g6 6.f3 Bg7 7.Qd2 O-O 8.O-O-O d6 
9.Bc4+ d5 10.Be2 Nc6 11.h4 e5 12.g4 exd4 13.exd4 fxg4 14.fxg4 Qd7 15.g5 
Nh5 16.Bxh5 gxh5 17.Nce2 Qf7 18.Nh3 Ba6 19.Rh2 Rae8 20.Nef4 Re4 21.c3 Rxf4
22.Ba3 Rf3 23.Bxf8 Bxf8 24.Rf2 Ba3+ 25.Kb1 Qf5+ 26.Ka1 Qxh3 27.Rh2 Qf5 28.
b4 Bd3 29.Qe1 Be4 30.Qe2 Rxc3 31.Rf2 Rf3 32.Rdf1 Nxd4 33.Rxf3 Nxf3 34.Rxf3
Qe5+ 0-1